Une lettre suffit pour répondre juste #49 (attention 10 lettres tuent) - Statistiques

Statistiques générales
  • Ce quiz a été pris 81 fois
  • Le résultat moyen est 3 sur 6
Statistiques - réponses
Hint Réponse % Correct
Donne une des 5 lettres qui complète les paroles de cette chanson mystère : Pour un petit tour, un petit jour Entre tes bras Pour un petit tour, au petit jour Entre tes draps La la la la la la, lala lala La la la la la la, lala lala La la la la la la, lala lala Je pourrais tout quitter Quitte à faire démodé Pour un ????? avec toi FLIRT
100%
Donne une des 4 lettres du frère Dalton qui a 4 lettres dans son prénom dans l'univers de Lucky Luke (du dessinateur belge Morris et du scénariste français René Goscinny)
JACK
76%
Donne une des 3 lettres qui complète le nom du type de fête « revivaliste », remis au goût du jour dans les années 1950 dans le centre de la Basse-Bretagne : Fest- _ _ _ NOZ
63%
Donne une des 2 lettres qui désigne en abrégé le 9e art BD
46%
Donne la lettre à laquelle commence 5 des 12 communes de Côtes d'Armor qui sont plus peuplées que Guingamp (en 2022) P (Plérin,Ploufragan,Pordic,Paimpol,Perros-Guirec)
7%
Donne la lettre qui complète le nom d'un concept développé dans le cadre des recherches en psychométrie sur les habiletés cognitives. FACTEUR ? G
0%
Aucun quiz correspondant
Distribution des résultats
% des personnes avec chaque résultat
Percentile par nombre de réponses
Votre historique - résultats
Vous n’avez pas pris ce quiz